Ožívanie Kalvárie

Bibliographic Details
Main Author: Laczkó, Lucia (Author)
Other Authors: Hyža, Alan (Photographer)
Format: Article
Language:Slovak
Subjects:
Online Access:http://www.krasy-slovenska.eu/articles/view/912/Ožívanie%20Kalvárie
Source: 1. Krásy Slovenska 1. Roč. LXXXVII, č. 5-6 (2010), s. 48-51 1. 0323-0643
LEADER 00934nab#a2200337#ar4500
001 000104084
003 SVKKK
005 20110215133401.0
008 110126c2010 xo |||||||||||||||b|slo
FMT
015 |a SNBRB2011/02 
038 |a SVKKK 
040 |a SVKKK  |b slo  |e AACR2 
041 0 |a slo 
044 |a xo  |c SK 
080 |a 904:726.54  |x (437.6)  |2 1997 
100 1 |a Laczkó, Lucia  |4 aut 
245 1 X |a Ožívanie Kalvárie  |c Lucia Laszkó ; Alan Hyža 
300 |b Fotogr. 
610 2 4 |a Kalvária (kostol : Banská Štiavnica, Slovensko) 
650 0 4 |a kultúrne pamiatky  |x devastácia  |x rekonštrukcie 
650 0 4 |a kostoly 
700 1 |a Hyža, Alan  |4 pht 
773 0 |t Krásy Slovenska  |g Roč. LXXXVII, č. 5-6 (2010), s. 48-51  |x 0323-0643 
974 |a MI 
992 |a RBX 
BAS
852 |a SVKKK  |b BIB 
856 4 |u http://www.krasy-slovenska.eu/articles/view/912/Ožívanie%20Kalvárie 
EXP
998 |a SLO